000
00304nam a2200133Ia 4500
008
150201s2009 xx 000 0 und d
082
_a
610
_b
B10D
100
_a
SETH,SD
245
_a
TB OF PHARMACOLOGY
250
_a
3RD
260
_b
ELSEVIER
_a
DELHI
_c
2009
650
_a
PHARMACOLOGY
942
_2
ddc
_c
BK
_0
14
999
_c
952
_d
952